Hỏi-đáp báo chí Việt Nam

Tập sách được biên soạn dưới dạng hỏi đáp nhằm mục đích phổ cập kiến thức phổ thông cho những ai cần những thông tin ngắn gọn về vấn đề Báo chí Việt Nam, đặc biết giúp cho các bạn sinh viên khoa báo chí ở các trường đại học....

Descrizione completa

Salvato in:
Dettagli Bibliografici
Autore principale: Lê, Minh Quốc
Natura: Libro
Lingua:Undetermined
Pubblicazione: Thành phố Hồ Chí Minh Trẻ 2001
Soggetti:
Tags: Aggiungi Tag
Nessun Tag, puoi essere il primo ad aggiungerne! !
Thư viện lưu trữ: Trung tâm Học liệu Trường Đại học Cần Thơ
LEADER 00930nam a2200217Ia 4500
001 CTU_44131
008 210402s9999 xx 000 0 und d
020 |c 20400 
082 |a 070.9 
082 |b Qu451 
100 |a Lê, Minh Quốc 
245 0 |a Hỏi-đáp báo chí Việt Nam 
245 0 |c Lê Minh Quốc 
260 |a Thành phố Hồ Chí Minh 
260 |b Trẻ 
260 |c 2001 
520 |a Tập sách được biên soạn dưới dạng hỏi đáp nhằm mục đích phổ cập kiến thức phổ thông cho những ai cần những thông tin ngắn gọn về vấn đề Báo chí Việt Nam, đặc biết giúp cho các bạn sinh viên khoa báo chí ở các trường đại học. 
650 |a Journalism 
650 |x History 
904 |i Bạch Trúc 
980 |a Trung tâm Học liệu Trường Đại học Cần Thơ